000 00560nam a2200205Ia 4500
003 GCL
008 140319s9999 xx 000 0 eng d
020 _a0471470651
040 _aGCL /
_cGCL
082 0 4 _a647.94
_bR H
100 1 _aRUTHERFORD, DENNEY G .
245 1 0 _aHOTEL MANAGEMENT AND OPERATIONS /
_cRUTHERFORD, DENNEY G .
700 1 _aO'FALLON, MICHAEL
250 _aFOURTH
260 _aنيويورك :
_bJOHN WILEY AND SONS. INC ،
_c2007
300 _a24 CM ؛
_c478 P
650 0 4 _aHOTELS
650 0 4 _aHOTELS MANAGEMENT
942 _2ddc
_cBK
999 _c9399
_d9399